000 02508nam a22002777a 4500
003 OSt
005 20240508050416.0
008 240507b ||||| |||| 00| 0 eng d
040 _bEnglish.
_cCvSU-CCAT Campus Library.
_erda.
050 _aUM ZA 4080
_bD48 2017
245 _aDevelopment of public online-based library information system of Cavite /
_cJuvy Anne B. Arias [and three others].
260 _aRosario, Cavite :
_bCavite State University-CCAT Campus,
_c2017.
300 _axv, 78 leaves :
_billustrations ;
_c28 cm
500 _aA Design Project Manuscript (BSInfoTech) -- Cavite State University-CCAT Campus, 2017.
504 _aIncludes bibliographical references and appendices.
520 _aARIAS, JUVY ANNE B., BACOLOD, PRINCESS SARAH JANE P., BOBADILLA, MONICA KEENA S. AND PERMA, JOHN PATRICK M. Development of Public Online-Based Library Information System of Cavite. A Design Project. Bachelor of Science in Information Technology. Cavite State University- Rosario Campus, Rosario, Cavite. May 2017. Adviser: Prof. Aries M. Gelera. To develop the public online-based library information system of Cavite, the design project was conducted from August 2016 to May 2017. Specifically, it aimed to: 1) design and develop the logical and user interface of the online library management system; 2) test and evaluate the online-based library information system using the ISO 9126 modified software evaluation criteria; and 3) deploy the system through internet. The developers used the system prototyping specifically, the throw-away prototyping for the research methodology. The planning, analysis, design phase and prototyping phase were performed continuously until the system was developed for evaluation and implementation. The system was evaluated by fifty (50) participants that were composed of IT experts, librarians, teachers and students of CvSU-Rosario. The public online-based library information system of Cavite gained a total score of 86.38/100, suggesting a very satisfactory performance and characteristics.
546 _aIn English text.
650 _aDigital libraries.
_9521
700 _aBacolod, Princess Sarah Jane P., author.
_912282
700 _aBobadilla, Monica Keena S., author.
_912283
700 _aPerma, John Patrick M., author.
_912284
700 _aGelera, Aries M., adviser.
_99116
700 _aAbad, Jenerry Y., technical critic.
_911888
942 _2lcc
_cT/M/D
_kUM
_hZA 4080 D48 2017
999 _c3363
_d3363